000 01223cad a22002535a 4500
001 E148985
008 091210e20091204xxkd f s 000 0 eng d
035 _a(Sirsi) u148985
041 0 _aeng
050 0 4 _a333.33 $2 18
110 2 _aRoyal Institution of Chartered Surveyors
_bEconomics
_95033
245 0 0 _aRICS global real estate weekly
_b4 December 2009
_h[electronic resource]
260 _aLondon
_bRICS
_c2009
490 0 _aRICS Global Real Estate Weekly
_v4 December 2009
520 _aSuggests that the Portuguese housing market is set to outperform Spain in 2010, and reports that Korean rates are on hold as mixed data is clouding the outlook. Forecasts that the Canadian housing market will recover further during 2010 and suggests that Australian rate hikes are adding to stretched housing affordability.
521 _aAdvanced
590 _aKA
650 2 4 _aRICS GLOBAL REAL ESTATE WEEKLY
651 4 _aInternational
690 _aBUILT ENVIRONMENT-CONSTRUCTION MARKET
690 _aPROPERTY-COMMERCIAL PROPERTY-COMMERCIAL PROPERTY MARKET
856 4 0 _uhttps://www.rics.org/site/scripts/download_info.aspx?fileID=5301&categoryID=419
_zView the report free of charge at www.rics.org...
942 _n0
999 _c110313
_d110313